| 000 | 00686cam a22002411 4500 | ||
|---|---|---|---|
| 999 |
_c7343 _d7343 |
||
| 001 | 9762146 | ||
| 003 | GBCCL | ||
| 005 | 20241126110625.0 | ||
| 008 | 750915s1949 xx 000 0 eng | ||
| 010 | _a 49007743 | ||
| 035 | _a(OCoLC)1626944 | ||
| 040 |
_aDLC _cFO _dDLC |
||
| 042 | _apremarc | ||
| 050 | 0 | 0 |
_aBS440 _b.T8 |
| 082 |
_a220.3 _bTUB |
||
| 100 | 1 |
_aTubby, Ruth Peckham, _d1903- _912993 |
|
| 245 | 1 | 2 |
_aA picture dictionary of the Bible; _cillus. by Ruth King. |
| 260 |
_aNew York, _bAbingdon-Cokesbury Press _c[1949] |
||
| 300 |
_a64 p. _bIllus. _c25 cm. |
||
| 630 | 0 | 0 |
_aBible _vDictionaries. _91814 |
| 906 |
_a7 _bcbc _coclcrpl _du _encip _f19 _gy-gencatlg |
||
| 942 |
_2ddc _cBK |
||